[Event "4NCL Online Division 4"]
[Site "online"]
[Date "2020.08.25"]
[Round "1.143"]
[White "Adaway, William"]
[Black "Wong, Tristan"]
[Result "0-1"]
[WhiteElo "1952"]
[BlackElo "1630"]
[PlyCount "104"]
[EventDate "2020.08.25"]
[WhiteTeam "Wessex Some Stars C"]
[BlackTeam "Warwickshire Bears B"]

1. c4 Nf6 2. Nc3 d6 3. d4 Nc6 4. Nf3 g6 5. e4 Bg7 6. d5 Nb8 7. h3 O-O 8. Bg5 c6
9. Be2 Qb6 10. Qb3 Re8 11. Be3 Qa5 12. O-O Nbd7 13. Qa4 Qxa4 14. Nxa4 Nxe4 15.
Rac1 Rb8 16. Bd4 Nd2 17. Bxg7 Nxf3+ 18. Bxf3 Kxg7 19. dxc6 Ne5 20. c7 Nxf3+ 21.
gxf3 Ra8 22. Rfd1 Bxh3 23. c5 d5 24. Rxd5 Rac8 25. Rd8 Rexd8 26. cxd8=Q Rxd8
27. c6 bxc6 28. Rxc6 Rd1+ 29. Kh2 Bd7 30. Ra6 Bxa4 31. Rxa4 Rd2 32. b3 Rxf2+
33. Kg3 Rb2 34. Rxa7 Kf6 35. Ra6+ e6 36. Ra7 h5 37. Kh4 Rb1 38. Rb7 Rh1+ 39.
Kg3 h4+ 40. Kg2 Ra1 41. a4 g5 42. Rb5 Kg6 43. a5 f5 44. Rb6 Rxa5 45. Rxe6+ Kh5
46. Kh3 g4+ 47. fxg4+ fxg4+ 48. Kg2 Ra2+ 49. Kg1 h3 50. b4 h2+ 51. Kh1 g3 52.
Re1 Kh4 0-1

[Event "4NCL Online Division 4"]
[Site "online"]
[Date "2020.08.25"]
[Round "1.144"]
[White "He, Tom Junde"]
[Black "Chilton, James I"]
[Result "0-1"]
[WhiteElo "1465"]
[BlackElo "1892"]
[PlyCount "116"]
[EventDate "2020.08.25"]
[WhiteTeam "Warwickshire Bears B"]
[BlackTeam "Wessex Some Stars C"]

1. e4 c5 2. c3 e6 3. d4 cxd4 4. cxd4 d5 5. e5 Nc6 6. Nf3 Nge7 7. Nc3 Nf5 8. Be3
Be7 9. g3 O-O 10. Bg2 f6 11. O-O fxe5 12. h3 e4 13. Nh2 Bf6 14. Ne2 Qb6 15. Qd2
Ncxd4 16. Nxd4 Bxd4 17. Bxd4 Qxd4 18. Qg5 e3 19. fxe3 Qxe3+ 20. Qxe3 Nxe3 21.
Rxf8+ Kxf8 22. Nf3 Bd7 23. Kf2 Nxg2 24. Kxg2 Ke7 25. Rf1 Rf8 26. Re1 Kd6 27. g4
Rc8 28. Re2 Rc4 29. Nd2 Rf4 30. Kg3 Rf6 31. Nf3 h6 32. g5 Rf5 33. h4 h5 34. Nd4
Re5 35. Rf2 Re4 36. Nf3 e5 37. Rh2 Bg4 38. Rf2 Re3 39. Kg2 Bxf3+ 40. Rxf3 Rxf3
41. Kxf3 g6 42. b4 b5 43. Ke3 d4+ 44. Ke4 Ke6 45. a3 a6 46. Kf3 Kf5 47. Ke2 e4
48. Kf2 Kg4 49. a4 bxa4 50. b5 axb5 51. Kg2 a3 52. Kh2 a2 53. Kg2 a1=Q 54. Kh2
b4 55. Kg2 b3 56. Kf2 b2 57. Ke2 b1=Q 58. Kd2 Qbb2# 0-1

[Event "4NCL Online Division 4"]
[Site "online"]
[Date "2020.08.25"]
[Round "1.151"]
[White "Banerjee, Sanjoy K"]
[Black "Smith, Peter J"]
[Result "1-0"]
[WhiteElo "1720"]
[BlackElo "1667"]
[PlyCount "75"]
[EventDate "2020.08.25"]
[WhiteTeam "Atticus B"]
[BlackTeam "Bishop Trojans"]

1. e4 a6 2. d4 h6 3. c4 d6 4. Nc3 c6 5. a4 Qc7 6. Nf3 Nd7 7. Be2 Ngf6 8. h3 g5
9. Be3 Bg7 10. Nd2 e5 11. d5 c5 12. Qb3 Nf8 13. a5 N6d7 14. Na4 Ng6 15. g3 Bf6
16. Nc3 h5 17. Nf3 h4 18. g4 Nf4 19. Bxf4 exf4 20. e5 Nxe5 21. Nxe5 Bxe5 22.
Ne4 f6 23. O-O f5 24. Nxg5 fxg4 25. Bxg4 Bxg4 26. hxg4 Rg8 27. Ne6 Rxg4+ 28.
Kh1 Qh7 29. Qa4+ Ke7 30. Qb3 Rb8 31. Rg1 Rg3 32. Qb6 Qf5 33. Qc7+ Kf6 34. Rxg3
Rg8 35. Rxg8 Qh3+ 36. Kg1 f3 37. Qg7+ Kf5 38. Qg6# 1-0

[Event "4NCL Online Division 4"]
[Site "online"]
[Date "2020.08.25"]
[Round "1.152"]
[White "Robinson, Brian"]
[Black "Burge, Steve J"]
[Result "1-0"]
[WhiteElo "1557"]
[BlackElo "1712"]
[PlyCount "83"]
[EventDate "2020.08.25"]
[WhiteTeam "Bishop Trojans"]
[BlackTeam "Atticus B"]

1. d4 e6 2. Nf3 f5 3. Nc3 Nf6 4. Bg5 Bb4 5. Qd3 b6 6. O-O-O a5 7. d5 Bxc3 8.
Qxc3 d6 9. Bxf6 gxf6 10. dxe6 Bxe6 11. Kb1 O-O 12. e3 Qd7 13. Nd4 Bf7 14. Bd3
Qa4 15. b3 Qb4 16. Qxb4 axb4 17. Bxf5 Bg6 18. Be6+ Kh8 19. Bd5 Ra5 20. Bf3 Nd7
21. Nc6 Rb5 22. Be2 Rg5 23. Rhg1 Be4 24. Bf3 Bxc6 25. Bxc6 Nc5 26. Rd4 Na6 27.
Bf3 Rd8 28. Rgd1 Kg7 29. Rg4 Kf7 30. Rdd4 c5 31. Rdf4 Rxg4 32. Rxg4 Nc7 33. Kb2
h6 34. Re4 Ne6 35. Bh5+ Ke7 36. Bg4 Re8 37. Rxe6+ Kf8 38. Rxe8+ Kxe8 39. c3
bxc3+ 40. Kxc3 Ke7 41. Kc4 Kf7 42. Kb5 1-0

[Event "4NCL Online Division 4"]
[Site "online"]
[Date "2020.08.25"]
[Round "1.153"]
[White "Wadsworth, Mark S"]
[Black "Bainbridge, Bryan J"]
[Result "1-0"]
[WhiteElo "1690"]
[BlackElo "1547"]
[PlyCount "65"]
[EventDate "2020.08.25"]
[WhiteTeam "Atticus B"]
[BlackTeam "Bishop Trojans"]

1. c4 e6 2. Nc3 b6 3. Nf3 c5 4. g3 Bb7 5. Bg2 Nc6 6. O-O Nf6 7. e4 d6 8. d4
cxd4 9. Nxd4 Nxd4 10. Qxd4 h6 11. b3 e5 12. Qd3 Be7 13. Ba3 O-O 14. Rad1 Ne8
15. Nd5 Bxd5 16. Qxd5 Kh8 17. f4 Nc7 18. Qd3 Ne6 19. Bxd6 Bxd6 20. Qxd6 Qxd6
21. Rxd6 exf4 22. gxf4 Rad8 23. e5 Rxd6 24. exd6 Rd8 25. Rd1 Nxf4 26. Bc6 Ne6
27. Kf2 Rc8 28. Bd7 Rd8 29. Bxe6 fxe6 30. b4 Kg8 31. c5 bxc5 32. bxc5 Kf8 33.
c6 1-0

[Event "4NCL Online Division 4"]
[Site "online"]
[Date "2020.08.25"]
[Round "1.154"]
[White "Berry, Robert"]
[Black "Wiseman, Jim K"]
[Result "0-1"]
[WhiteElo "1555"]
[BlackElo "1607"]
[PlyCount "82"]
[EventDate "2020.08.25"]
[WhiteTeam "Bishop Trojans"]
[BlackTeam "Atticus B"]

1. e4 c5 2. Bc4 e6 3. a3 a6 4. Nf3 Nc6 5. Nc3 b5 6. Ba2 Bb7 7. d3 Be7 8. O-O
Nf6 9. h3 d5 10. exd5 Nxd5 11. Nxd5 exd5 12. Re1 O-O 13. c3 Bf6 14. Be3 d4 15.
cxd4 Nxd4 16. Nxd4 Bxd4 17. Bxd4 Qxd4 18. Rb1 Rad8 19. Qc2 Bd5 20. Bxd5 Rxd5
21. Rbd1 Qf6 22. Re3 Rfd8 23. Kh2 c4 24. dxc4 Qd6+ 25. g3 Rxd1 26. Qe2 Rd2 27.
Re8+ Rxe8 28. Qxe8+ Qf8 29. Qe3 Rxb2 30. c5 h6 31. c6 Qc8 32. Qb6 Rc2 33. Qb7
Qxc6 34. Qb8+ Kh7 35. Qf4 Qf6 36. Qe4+ Qg6 37. Qe3 Ra2 38. Kg2 Qc6+ 39. Kh2 Qc2
40. Kg2 Ra1 41. Qf3 Qb1 0-1

[Event "4NCL Online Division 4"]
[Site "online"]
[Date "2020.08.25"]
[Round "1.161"]
[White "Healey, Grant"]
[Black "O'Byrne, Daniel"]
[Result "0-1"]
[WhiteElo "1922"]
[BlackElo "1742"]
[PlyCount "140"]
[EventDate "2020.08.25"]
[WhiteTeam "Camborne Trevithick"]
[BlackTeam "War & Piece 1"]

1. g3 d5 2. Bg2 e5 3. d3 Nc6 4. f4 exf4 5. Bxf4 Nf6 6. Bg5 h6 7. Bxf6 Qxf6 8.
Bxd5 Bc5 9. Nf3 Qxb2 10. Nbd2 Nd4 11. Rc1 Qc3 12. Rf1 Nf5 13. e4 Ne3 14. Qe2
O-O 15. d4 Nxf1 16. Kxf1 Bxd4 17. Nxd4 Qxd4 18. c3 Bh3+ 19. Ke1 Qg1+ 20. Nf1
Bxf1 21. Qxf1 Qe3+ 22. Kd1 c6 23. Bb3 Rad8+ 24. Kc2 Qxe4+ 25. Kb2 Rd2+ 26. Ka1
Qe2 27. Qf4 c5 28. Rf1 Rd7 29. Rf2 Qe1+ 30. Kb2 b5 31. Bc2 b4 32. cxb4 Qxb4+
33. Qxb4 cxb4 34. Kb3 a5 35. Ka4 Rd5 36. Bb3 Re5 37. h4 g6 38. g4 Kg7 39. Rh2
Rfe8 40. Rf2 R8e7 41. Rf3 f5 42. g5 Re4 43. gxh6+ Kxh6 44. Kxa5 Rxh4 45. Rd3
Re5+ 46. Kb6 Rhe4 47. Rd6 Kg5 48. Bf7 Kf4 49. Rxg6 Kf3 50. Rd6 Re3 51. Bd5+ Kf2
52. Kc5 b3 53. axb3 Rxb3 54. Kd4 Ree3 55. Bxb3 Rxb3 56. Rf6 Rb5 57. Kc4 Ra5 58.
Kb4 Re5 59. Kc4 Kf3 60. Kd4 Re4+ 61. Kd3 f4 62. Rg6 Re3+ 63. Kd2 Kf2 64. Rh6
Ra3 65. Rh2+ Kg1 66. Rh4 Ra2+ 67. Kd3 f3 68. Ke3 f2 69. Rg4+ Kf1 70. Rf4 Ke1
0-1

[Event "4NCL Online Division 4"]
[Site "online"]
[Date "2020.08.25"]
[Round "1.162"]
[White "Kelly, Richard"]
[Black "George, Ian M"]
[Result "1/2-1/2"]
[WhiteElo "1817"]
[BlackElo "1945"]
[PlyCount "66"]
[EventDate "2020.08.25"]
[WhiteTeam "War & Piece 1"]
[BlackTeam "Camborne Trevithick"]

1. d4 Nf6 2. c4 e5 3. dxe5 Ne4 4. Nd2 Bb4 5. Ngf3 Nc6 6. e3 Qe7 7. Be2 O-O 8.
O-O Nxd2 9. Bxd2 Bxd2 10. Qxd2 Nxe5 11. Rac1 d6 12. Rfd1 Bg4 13. Nxe5 Bxe2 14.
Nc6 Qe8 15. Qxe2 Qxc6 16. Qd3 Rfe8 17. Qd5 Re5 18. Qxc6 bxc6 19. Rc3 Ra5 20. a3
Rb8 21. b4 Ra4 22. e4 Kf8 23. f3 a5 24. b5 cxb5 25. cxb5 Rxb5 26. Rxc7 Rc5 27.
Rd7 Rxa3 28. R1xd6 Rc2 29. Rd8+ Ke7 30. R8d7+ Ke8 31. Rd8+ Ke7 32. R8d7+ Ke8
33. Rd8+ Ke7 1/2-1/2

[Event "4NCL Online Division 4"]
[Site "online"]
[Date "2020.08.25"]
[Round "1.163"]
[White "Williams, Philip J"]
[Black "Chwieseni, Edward I"]
[Result "1/2-1/2"]
[WhiteElo "1855"]
[BlackElo "1696"]
[PlyCount "91"]
[EventDate "2020.08.25"]
[WhiteTeam "Camborne Trevithick"]
[BlackTeam "War & Piece 1"]

1. e4 e5 2. Nf3 Nc6 3. Bb5 Nf6 4. Qe2 d6 5. d3 Bg4 6. h3 Bd7 7. Nbd2 a6 8. Ba4
g6 9. c3 Bg7 10. Nf1 O-O 11. Bc2 d5 12. Ng3 Re8 13. O-O h6 14. Rd1 d4 15. c4
Nb4 16. a3 Nxc2 17. Qxc2 c5 18. b4 b6 19. Nd2 Bc6 20. Rf1 Nd7 21. Nb3 Rf8 22.
bxc5 Nxc5 23. Nxc5 bxc5 24. Bd2 Rb8 25. Rab1 Qd7 26. Rxb8 Rxb8 27. Rb1 Rxb1+
28. Qxb1 Qb7 29. Qxb7 Bxb7 30. Kf1 Bc8 31. Ne2 f5 32. f3 fxe4 33. fxe4 Bd7 34.
Ba5 Kf7 35. Ng1 Ke6 36. Nf3 g5 37. Bc7 Ba4 38. Ke2 Bf6 39. Kd2 h5 40. g4 hxg4
41. hxg4 Bb3 42. Bb8 Ba4 43. Ke2 Bb3 44. Kd2 Ba4 45. Ke2 Bb3 46. Kd2 1/2-1/2

[Event "4NCL Online Division 4"]
[Site "online"]
[Date "2020.08.25"]
[Round "1.164"]
[White "Morrison, Munroe L"]
[Black "Morgan, Jamie"]
[Result "0-1"]
[WhiteElo "1675"]
[BlackElo "1840"]
[PlyCount "126"]
[EventDate "2020.08.25"]
[WhiteTeam "War & Piece 1"]
[BlackTeam "Camborne Trevithick"]

1. e4 c5 2. Nc3 g6 3. g3 Nc6 4. Bg2 Bg7 5. d3 e6 6. Be3 Nd4 7. Qd2 Ne7 8. Nd1
Qb6 9. c3 Ndc6 10. f4 d5 11. e5 d4 12. Bf2 Bd7 13. Nf3 O-O 14. O-O Rad8 15. a3
Na5 16. Qc2 Nb3 17. Rb1 Bc6 18. Nd2 Bxg2 19. Kxg2 Nxd2 20. Qxd2 Qc6+ 21. Kh3 f6
22. cxd4 cxd4 23. exf6 Rxf6 24. Bg1 e5 25. Nf2 exf4 26. Ne4 Rf5 27. Rxf4 Rh5+
28. Kg2 Nf5 29. Rc1 Qd5 30. Rc5 Ne3+ 31. Kf3 Qe6 32. Rxh5 gxh5 33. Ng5 Qd5+ 34.
Ke2 Qxg5 35. Qb4 Qe5 36. Re4 Qc7 37. Qa4 Qc8 38. Re7 Qc2+ 39. Qxc2 Nxc2 40.
Rxb7 Re8+ 41. Kd2 Ne1 42. Kd1 Nf3 43. Bf2 Bh6 44. Kc2 Nxh2 45. Bxd4 Rc8+ 46.
Kb3 Nf3 47. Bxa7 Ne5 48. d4 Nc6 49. Ka4 Ra8 50. Kb5 Nxa7+ 51. Kb6 Nc8+ 52. Kc7
Bc1 53. Rb8 Rxb8 54. Kxb8 Nb6 55. Kb7 Nc4 56. d5 Bxb2 57. a4 Kf7 58. Kc6 Ke7
59. Kc5 Na5 60. Kb5 Bc3 61. Kc5 Kd7 62. d6 Nb7+ 63. Kb6 Nxd6 0-1

[Event "4NCL Online Division 4"]
[Site "online"]
[Date "2020.09.08"]
[Round "2.11"]
[White "Yogit, Senthilnathan"]
[Black "Craig, Andrew D"]
[Result "1/2-1/2"]
[WhiteElo "2117"]
[BlackElo "1772"]
[PlyCount "40"]
[EventDate "2020.09.08"]
[WhiteTeam "Uxbridge Knights A"]
[BlackTeam "Catford Cosmonauts 3"]

1. e4 d6 2. d4 Nf6 3. Nc3 g6 4. Nf3 Bg7 5. Bc4 Nc6 6. d5 Nb8 7. Bf4 c6 8. dxc6
Nxc6 9. Qd2 Bg4 10. Ng5 O-O 11. h3 Bd7 12. O-O Rc8 13. Rad1 Qb6 14. Bb3 Na5 15.
Be3 Nxb3 16. axb3 Qb4 17. Nd5 Nxd5 18. exd5 Qxd2 19. Rxd2 Bxb2 20. Bxa7 Bc3
1/2-1/2

[Event "4NCL Online Division 4"]
[Site "online"]
[Date "2020.09.08"]
[Round "2.12"]
[White "Helsby, David C"]
[Black "Symonds, Richard H"]
[Result "0-1"]
[WhiteElo "1810"]
[BlackElo "1981"]
[PlyCount "34"]
[EventDate "2020.09.08"]
[WhiteTeam "Catford Cosmonauts 3"]
[BlackTeam "Uxbridge Knights A"]

1. Nf3 Nf6 2. d3 d5 3. Nbd2 Nc6 4. g3 e5 5. e4 dxe4 6. dxe4 Bc5 7. h3 O-O 8.
Bg2 a5 9. O-O h6 10. Re1 Be6 11. c3 Qd7 12. Kh2 Bxf2 13. Rf1 Bc5 14. Qe2 Rad8
15. Re1 Qd3 16. b3 Qxc3 17. Nf1 Qxa1 0-1

[Event "4NCL Online Division 4"]
[Site "online"]
[Date "2020.09.08"]
[Round "2.13"]
[White "Kamath, Raghu"]
[Black "Oyvat, Cem"]
[Result "0-1"]
[WhiteElo "1885"]
[BlackElo "1735"]
[PlyCount "150"]
[EventDate "2020.09.08"]
[WhiteTeam "Uxbridge Knights A"]
[BlackTeam "Catford Cosmonauts 3"]

1. e4 c5 2. Nc3 d6 3. f4 e6 4. Nf3 Nc6 5. d3 Nge7 6. g3 d5 7. Qe2 Nd4 8. Qf2
Nxf3+ 9. Qxf3 d4 10. Nd1 Nc6 11. Bg2 Be7 12. O-O O-O 13. e5 Nb4 14. Qe2 Rb8 15.
Nf2 b5 16. a3 Nd5 17. Bd2 a5 18. b3 Bb7 19. Ne4 Qb6 20. Kh1 b4 21. a4 Nc3 22.
Bxc3 bxc3 23. Rae1 Bd5 24. Rb1 Qc6 25. Qg4 f5 26. exf6 Bxf6 27. Rfe1 Rbe8 28.
Nxf6+ Rxf6 29. Be4 Bxe4+ 30. Rxe4 e5 31. f5 Ref8 32. Rf1 Re8 33. Kg1 Qd6 34.
Qh5 Re7 35. g4 Rh6 36. Qg5 Qf6 37. Qxf6 gxf6 38. Kg2 Rg7 39. Kg3 Kf7 40. Rh1
Rh5 41. Rf1 Rh6 42. Rf3 Rg8 43. h4 Rg7 44. Kh3 Rg5 45. Re1 Rg8 46. Rg1 Rg5 47.
Rh1 Rg8 48. Rg3 Rg7 49. Kg2 Rg8 50. Kf3 Ke7 51. Ke4 Kd6 52. Kf3 Ke7 53. Ke4 Kd6
54. Rh2 Rg7 55. Kf3 Ke7 56. Rgh3 Rg8 57. g5 fxg5 58. hxg5 Rxh3+ 59. Rxh3 Rxg5
60. Rxh7+ Kf6 61. Ra7 Rxf5+ 62. Ke2 Rh5 63. Rxa5 Rh2+ 64. Kd1 Kf5 65. Rxc5 Rd2+
66. Kc1 Rh2 67. Kd1 Kf4 68. a5 e4 69. Ke1 Ke3 70. Kf1 Rxc2 71. Rh5 Rc1+ 72. Kg2
Kxd3 73. Rh3+ e3 74. a6 Ra1 75. Rh1 Rxa6 0-1

[Event "4NCL Online Division 4"]
[Site "online"]
[Date "2020.09.08"]
[Round "2.14"]
[White "Marchettini, Cristiano"]
[Black "Colter, Nigel"]
[Result "1-0"]
[WhiteElo "1405"]
[BlackElo "1780"]
[PlyCount "141"]
[EventDate "2020.09.08"]
[WhiteTeam "Catford Cosmonauts 3"]
[BlackTeam "Uxbridge Knights A"]

1. d4 d5 2. Nc3 e6 3. Bf4 Bd6 4. Bxd6 Qxd6 5. e3 Bd7 6. Nf3 Nf6 7. Bd3 O-O 8.
O-O c5 9. dxc5 Qxc5 10. e4 dxe4 11. Nxe4 Nxe4 12. Bxe4 Bc6 13. Re1 Na6 14. Bxc6
Qxc6 15. c3 Rfd8 16. Qe2 Nc7 17. Rad1 Qa6 18. Qxa6 Nxa6 19. h3 Nc5 20. Nd4 Na4
21. Rd2 Rd6 22. Ree2 Rad8 23. Kf1 b5 24. Ke1 b4 25. Nb5 Rxd2 26. Rxd2 Rxd2 27.
Kxd2 bxc3+ 28. bxc3 a6 29. Nd4 e5 30. Nc6 f6 31. Kd3 Kf7 32. c4 Ke6 33. Nb4 a5
34. Nc6 Nc5+ 35. Kc3 Nb7 36. Kb3 Kd6 37. Na7 Nc5+ 38. Kc3 Ne4+ 39. Kb3 Nxf2 40.
Nb5+ Kc5 41. Nc3 f5 42. Nd5 e4 43. Nf4 h6 44. Ne6+ Kc6 45. Nxg7 f4 46. Nf5 e3
47. Nd4+ Kd6 48. Ne2 Ke5 49. c5 Ne4 50. Kc4 Ng3 51. c6 Nf5 52. Kc5 Ne7 53. c7
Ke4 54. Kd6 Nc8+ 55. Kd7 Nb6+ 56. Kd8 f3 57. gxf3+ Kxf3 58. Nd4+ Kf2 59. Ke7 e2
60. Nxe2 Kxe2 61. Ke6 Kf3 62. Kf6 h5 63. Kg5 Kg3 64. h4 Nc8 65. Kxh5 Kf4 66.
Kg6 Ke5 67. h5 Ne7+ 68. Kg7 Nf5+ 69. Kf8 Nd6 70. h6 Kf6 71. h7 1-0

[Event "4NCL Online Division 4"]
[Site "online"]
[Date "2020.09.08"]
[Round "2.21"]
[White "Kruitbosch, Gijs"]
[Black "Robbings, Andrew MJ"]
[Result "0-1"]
[WhiteElo "1840"]
[BlackElo "1975"]
[PlyCount "112"]
[EventDate "2020.09.08"]
[WhiteTeam "Wigston 2"]
[BlackTeam "Wantage"]

1. e4 e6 2. d4 d5 3. exd5 exd5 4. Nf3 Bg4 5. Be2 Bd6 6. Ne5 Bxe2 7. Qxe2 Ne7 8.
O-O O-O 9. Nc3 Nbc6 10. Nxc6 Nxc6 11. Be3 Re8 12. Qf3 Nb4 13. Rac1 c6 14. a3
Na6 15. Qg4 Qf6 16. Ne2 Re4 17. Qd7 Re7 18. Qh3 Rae8 19. Ng3 Bxg3 20. Qxg3 h6
21. c3 Re4 22. b3 R8e7 23. c4 Nc7 24. Rc3 a6 25. Rd3 Ne8 26. Bd2 Nd6 27. Bb4
R7e6 28. Bxd6 Rxd6 29. f3 Rxd4 30. c5 Re6 31. Qb8+ Kh7 32. Rxd4 Qxd4+ 33. Kh1
Qd3 34. Rg1 Qxb3 35. Qc7 Rf6 36. Qe7 Qxa3 37. Qxb7 Qxc5 38. Qxa6 Qc4 39. Qb7 c5
40. Rd1 d4 41. Qe4+ g6 42. h3 Re6 43. Qf4 Re2 44. Rb1 Qa2 45. Rb7 Kg7 46. Qg4
d3 47. Rd7 d2 48. f4 Re1+ 49. Kh2 Qc2 50. Rxf7+ Kxf7 51. Qd7+ Re7 52. Qd5+ Kg7
53. Qd6 Rf7 54. Qe5+ Kh7 55. Qe6 Rg7 56. f5 Qxf5 0-1

[Event "4NCL Online Division 4"]
[Site "online"]
[Date "2020.09.08"]
[Round "2.22"]
[White "Carter, John P"]
[Black "Mottram, Paul"]
[Result "1-0"]
[WhiteElo "1795"]
[BlackElo "1592"]
[PlyCount "99"]
[EventDate "2020.09.08"]
[WhiteTeam "Wantage"]
[BlackTeam "Wigston 2"]

1. e4 c6 2. Nf3 d5 3. Nc3 Bg4 4. h3 Bxf3 5. Qxf3 Nf6 6. d3 e6 7. Bd2 Qb6 8. g4
Bb4 9. g5 dxe4 10. dxe4 Nfd7 11. a3 Bd6 12. Na4 Qd4 13. Qe3 Qxe3+ 14. Bxe3 Ne5
15. f4 Ng6 16. e5 Bc7 17. Bd3 Nd7 18. O-O-O Nb6 19. Nc3 Nd5 20. Nxd5 cxd5 21.
h4 Ne7 22. h5 Nc6 23. h6 g6 24. c4 d4 25. Bf2 O-O-O 26. b4 Kb8 27. Be4 Ne7 28.
Rxd4 Rxd4 29. Bxd4 Rd8 30. Rd1 Kc8 31. Bxa7 Rxd1+ 32. Kxd1 b6 33. c5 bxc5 34.
Bxc5 Nd5 35. Bxd5 exd5 36. Kd2 Kd7 37. Kd3 Kc6 38. a4 Bd8 39. Kd4 Bc7 40. b5+
Kb7 41. Kxd5 Ba5 42. Kd6 Bd2 43. Ke7 Bxf4 44. Kf6 Kc7 45. a5 Kb7 46. Bd6 Be3
47. Kxf7 Bxg5 48. Kg7 Bd8 49. e6 g5 50. e7 1-0

[Event "4NCL Online Division 4"]
[Site "online"]
[Date "2020.09.08"]
[Round "2.23"]
[White "Collins, RF (Bob)"]
[Black "Mills, Matt"]
[Result "1-0"]
[WhiteElo "1480"]
[BlackElo "1480"]
[PlyCount "106"]
[EventDate "2020.09.08"]
[WhiteTeam "Wigston 2"]
[BlackTeam "Wantage"]

1. Nf3 Nc6 2. g3 e5 3. d3 d5 4. Bg2 Nf6 5. O-O Bc5 6. Nbd2 O-O 7. c4 d4 8. a3
a5 9. Nb3 Bd6 10. Bg5 a4 11. Nbd2 Be7 12. Ne1 Bd7 13. Ne4 Ng4 14. Bxe7 Qxe7 15.
Nc2 f5 16. Nd2 f4 17. Ne4 fxg3 18. fxg3 Rxf1+ 19. Qxf1 Rf8 20. Qc1 h5 21. Qg5
Qxg5 22. Nxg5 Ne3 23. Nxe3 dxe3 24. Rf1 Rxf1+ 25. Kxf1 Na5 26. Bf3 g6 27. Kg2
c6 28. Ne4 Kg7 29. Nc5 Be8 30. Nxa4 b5 31. cxb5 cxb5 32. Nc3 Kf6 33. Nd1 Nb3
34. Nxe3 Nd4 35. Kf2 Ne6 36. Nd5+ Kg5 37. h4+ Kh6 38. Nf6 Bf7 39. Nd7 Nd4 40.
Nxe5 Be6 41. Be4 g5 42. hxg5+ Kxg5 43. Nf3+ Nxf3 44. Bxf3 h4 45. gxh4+ Kxh4 46.
Ke3 Kg5 47. Kd4 Kf4 48. Bc6 Bg4 49. e3+ Kf5 50. Bxb5 Ke6 51. Bc4+ Kd6 52. b4
Bh5 53. a4 Be8 1-0

[Event "4NCL Online Division 4"]
[Site "online"]
[Date "2020.09.08"]
[Round "2.24"]
[White "Leake, John"]
[Black "Hill, Granville"]
[Result "0-1"]
[WhiteElo "1367"]
[BlackElo "1450"]
[PlyCount "90"]
[EventDate "2020.09.08"]
[WhiteTeam "Wantage"]
[BlackTeam "Wigston 2"]

1. d4 Nf6 2. Nc3 e5 3. e4 exd4 4. Qxd4 Nc6 5. Qe3 d6 6. h3 g6 7. Nd5 Nxd5 8.
exd5+ Ne5 9. Nf3 Bg7 10. Nxe5 dxe5 11. Bc4 O-O 12. O-O b6 13. Rd1 Bb7 14. b3
Qe7 15. Bb2 Rad8 16. Rd2 Rfe8 17. a4 Qd7 18. Bb5 Qc8 19. Bxe8 Rxe8 20. Re1 f6
21. b4 Bf8 22. b5 Kg7 23. Red1 Rd8 24. Rd3 Qf5 25. c4 Bc5 26. Qg3 Qd7 27. Bc1
a6 28. h4 axb5 29. axb5 Bd6 30. Qe3 Bf8 31. Qg3 Bd6 32. Qe3 Bc5 33. Qh6+ Kg8
34. Rg3 Qd6 35. Rf1 e4 36. h5 Qxg3 37. Qf4 Qxf4 38. Bxf4 Bd6 39. Bd2 Bc8 40.
hxg6 hxg6 41. g3 Kf7 42. Kg2 Rh8 43. Re1 Re8 44. Ra1 Bg4 45. Ra7 Bf3+ 0-1

[Event "4NCL Online Division 4"]
[Site "online"]
[Date "2020.09.08"]
[Round "2.31"]
[White "Shepherd, Tom"]
[Black "Moran, Darragh"]
[Result "1-0"]
[WhiteElo "2027"]
[BlackElo "1873"]
[PlyCount "45"]
[EventDate "2020.09.08"]
[WhiteTeam "MCS Oxford A"]
[BlackTeam "Gondaga"]

1. d4 d5 2. c4 c6 3. Nf3 Nf6 4. cxd5 cxd5 5. Nc3 Nc6 6. Bf4 Bf5 7. e3 e6 8. Qb3
Qb6 9. Qxb6 axb6 10. Bb5 Nd7 11. Nh4 Be4 12. f3 Bc2 13. Rc1 Nb4 14. Kd2 Be7 15.
a3 Bxh4 16. axb4 Bg6 17. Ra1 Ke7 18. Na4 Rad8 19. Bxd7 Kxd7 20. Rhc1 Be7 21.
Nxb6+ Ke8 22. Bc7 Bxb4+ 23. Ke2 1-0

[Event "4NCL Online Division 4"]
[Site "online"]
[Date "2020.09.08"]
[Round "2.33"]
[White "Zhu, Hou Ning"]
[Black "Moran, Hugh"]
[Result "1-0"]
[WhiteElo "1802"]
[BlackElo "1711"]
[PlyCount "131"]
[EventDate "2020.09.08"]
[WhiteTeam "MCS Oxford A"]
[BlackTeam "Gondaga"]

1. c4 d6 2. g3 e5 3. Bg2 f5 4. Nc3 Nf6 5. e3 Be7 6. Nge2 O-O 7. d4 e4 8. O-O c6
9. b3 d5 10. cxd5 cxd5 11. Bd2 Be6 12. a3 Nbd7 13. Nf4 Bf7 14. h4 Qe8 15. Bh3
g6 16. Nb5 Qb8 17. a4 a6 18. Nc3 Rc8 19. Rc1 Bd6 20. Nce2 Rxc1 21. Qxc1 Qc8 22.
Qb2 Qd8 23. Rc1 Rc8 24. Rc2 Rxc2 25. Qxc2 Qc7 26. Qxc7 Bxc7 27. Bb4 Ne8 28. Nc3
Ndf6 29. Be7 Bd6 30. Bxd6 Nxd6 31. Bf1 a5 32. Bb5 Kf8 33. Kf1 Ke7 34. Ke2 h6
35. Kd2 g5 36. hxg5 hxg5 37. Nh3 Nh7 38. Be2 Kf6 39. Ng1 Nf8 40. f4 g4 41. Nb5
Nxb5 42. Bxb5 Ke6 43. Kc3 Kd6 44. b4 b6 45. bxa5 bxa5 46. Ne2 Ne6 47. Nc1 Kc7
48. Nb3 Kb6 49. Bd7 Ng7 50. Kd2 Be8 51. Bxe8 Nxe8 52. Nc5 Nd6 53. Ke2 Nc4 54.
Nd7+ Kc7 55. Nc5 Nb2 56. Kd2 Kc6 57. Ke2 Nc4 58. Nb3 Kb6 59. Nc5 Nd6 60. Nd7+
Kc6 61. Nc5 Ne8 62. Nb3 Kb6 63. Nc5 Nc7 64. Nd7+ Kc6 65. Nc5 Na6 66. Nxa6 1-0

[Event "4NCL Online Division 4"]
[Site "online"]
[Date "2020.09.08"]
[Round "2.34"]
[White "Murray, Sam"]
[Black "Khan, Samir"]
[Result "1/2-1/2"]
[WhiteElo "1621"]
[BlackElo "1592"]
[PlyCount "57"]
[EventDate "2020.09.08"]
[WhiteTeam "Gondaga"]
[BlackTeam "MCS Oxford A"]

1. e4 e6 2. b3 Nf6 3. e5 Nd5 4. Bb2 Nc6 5. Nf3 a6 6. d4 d6 7. Nc3 Nxc3 8. Bxc3
dxe5 9. dxe5 Qxd1+ 10. Rxd1 Be7 11. Bd3 O-O 12. O-O b5 13. Be4 Bb7 14. Rd7 Bd8
15. Rfd1 Rb8 16. R7d2 Be7 17. Nd4 Nxd4 18. Bxb7 Nxc2 19. Bxa6 Nb4 20. Bxb4 Bxb4
21. Rc2 c5 22. a4 bxa4 23. bxa4 Rfd8 24. Rxd8+ Rxd8 25. g3 Rd5 26. f4 g5 27.
Kg2 Rd2+ 28. Rxd2 Bxd2 29. Kf3 1/2-1/2

[Event "4NCL Online Division 4"]
[Site "online"]
[Date "2020.09.08"]
[Round "2.41"]
[White "Johnson, Paul A"]
[Black "Whatmore, Steve"]
[Result "0-1"]
[WhiteElo "1812"]
[BlackElo "1825"]
[PlyCount "52"]
[EventDate "2020.09.08"]
[WhiteTeam "Bradford DCA Knights B"]
[BlackTeam "Rugeley Rangers"]

1. d4 Nf6 2. Bf4 c5 3. d5 d6 4. c4 e5 5. Bg3 Be7 6. Nc3 O-O 7. e4 Qa5 8. Qc2
Nh5 9. Bd3 Na6 10. Nge2 Nb4 11. Qd1 f5 12. f3 Nxg3 13. hxg3 Nxd3+ 14. Qxd3 fxe4
15. Qxe4 Bf5 16. Qe3 Qb4 17. b3 Bf6 18. g4 Bg6 19. g5 Be7 20. g4 Bxg5 21. Qxg5
Rxf3 22. Rc1 Raf8 23. Qd2 Rd3 24. Qg5 Rdf3 25. Qd2 Bd3 26. Nb5 Rf1+ 0-1

[Event "4NCL Online Division 4"]
[Site "online"]
[Date "2020.09.08"]
[Round "2.42"]
[White "Carr, Matthew"]
[Black "Holliday, John K"]
[Result "1-0"]
[WhiteElo "1705"]
[BlackElo "1798"]
[PlyCount "93"]
[EventDate "2020.09.08"]
[WhiteTeam "Rugeley Rangers"]
[BlackTeam "Bradford DCA Knights B"]

1. d4 Nf6 2. c4 e6 3. Nc3 Bb4 4. a3 Bxc3+ 5. bxc3 c5 6. Nf3 O-O 7. Bf4 Qa5 8.
Qd2 cxd4 9. cxd4 Qxd2+ 10. Nxd2 Nc6 11. e3 d5 12. Be2 b6 13. O-O Bb7 14. Rab1
dxc4 15. Bxc4 Na5 16. Rfc1 Nxc4 17. Rxc4 Nd5 18. Bg3 Ba6 19. Rc6 Bb7 20. Rcc1
Rac8 21. Nc4 Ba6 22. Nd6 Rc3 23. e4 Rxc1+ 24. Rxc1 Nf6 25. Rc7 Bd3 26. e5 Ne4
27. Rxa7 Nxg3 28. hxg3 b5 29. Rb7 g6 30. Nxb5 Bxb5 31. Rxb5 Ra8 32. Rb3 Ra4 33.
Rd3 Kf8 34. Kf1 Ke7 35. Ke2 Kd7 36. Kd2 Kc6 37. Kc2 Kd5 38. Kb3 Ra7 39. f3 Rb7+
40. Kc2 Kc4 41. g4 g5 42. g3 h6 43. f4 Kd5 44. Rb3 Rc7+ 45. Rc3 Rb7 46. Kd3
gxf4 47. Rc5# 1-0

[Event "4NCL Online Division 4"]
[Site "online"]
[Date "2020.09.08"]
[Round "2.43"]
[White "Adam, David W"]
[Black "Sullivan, Luke"]
[Result "1-0"]
[WhiteElo "1758"]
[BlackElo "1525"]
[PlyCount "49"]
[EventDate "2020.09.08"]
[WhiteTeam "Bradford DCA Knights B"]
[BlackTeam "Rugeley Rangers"]

1. c4 Nf6 2. g3 c6 3. Bg2 d5 4. Nf3 Bf5 5. O-O dxc4 6. Na3 Qc8 7. Re1 Bh3 8.
Bh1 h6 9. Nxc4 Qe6 10. d3 g5 11. e3 Bg7 12. Qb3 b5 13. Nd4 Qc8 14. Ne5 Nd5 15.
Ndxc6 Qc7 16. Bxd5 Bxe5 17. Nxe5 Qa5 18. Qc3 b4 19. Bxf7+ Kf8 20. Ng6+ Kxf7 21.
Nxh8+ Kg8 22. Qd4 b3 23. Qc3 Qxc3 24. bxc3 Kxh8 25. axb3 1-0